01021cam a2200277 a 450000100100000000500170001000800410002702000150006804000250008308200270010810000390013524500500017425000110022426000370023530000210027249000260029359000760031965000260039565000290042183000330045091000280048391000070051104900090051895202010052799900150072800000776020240306164224.0760305s1983 sp 000 f spa d a8432200816 aDO-SdBNPbspacBNPHU aPe863.44bV297ci, 19831 aVargas Llosa, Mario,d1936-91256713aLa ciudad y los perros /cMario Vargas Llosa. a14 ed. aBarcelona :bSeix Barral,c1983. a394 p. ;c20 cm.1 aBiblioteca brevev182 aPerteneció a la biblioteca personal de Juan Isidro Jimenes Grullón. 4aNovela peruana912569 4aLiteratura peruana93140 0aBiblioteca brevev182913442 aCatalogación derivada aWM aBNGR 001052708MOaGRbGRcHDd2009-09-10iLF1l0oPe863.44 V297ci, 1983p7760-10r2020-06-25w2020-06-25y2zPerteneció a la biblioteca personal de Juan Isidro Jimnes GrullónZPréstamo interno c7538d7538